Rapports sur les travaux de la Commission des Archives Diplomatiques pendant les années 1880-1881-1882. (Record no. 151114)

MARC details
000 -LEADER
campo de control de longitud fija 00591nam a2200169 i 4500
001 - NÚMERO DE CONTROL
campo de control 151114
003 - IDENTIFICADOR DE NÚMERO DE CONTROL
campo de control ES-MaACL
005 - FECHA Y HORA DE LA ÚLTIMA TRANSACCIÓN
campo de control 20230906203835.0
007 - CAMPO FIJO DE DESCRIPCIÓN FÍSICA--INFORMACIÓN GENERAL
campo de control de longitud fija t|
008 - DATOS DE LONGITUD FIJA--INFORMACIÓN GENERAL
campo de control de longitud fija 071210s1883 fr ||||1| fre d
245 00 - MENCIÓN DEL TÍTULO
Título Rapports sur les travaux de la Commission des Archives Diplomatiques pendant les années 1880-1881-1882.
260 ## - PUBLICACIÓN, DISTRIBUCIÓN, ETC.
Lugar de publicación, distribución, etc. Paris :
Nombre del editor, distribuidor, etc. [s.n.],
Fecha de publicación, distribución, etc. 1883 (
Fabricante Impr. nationale)
300 ## - DESCRIPCIÓN FÍSICA
Extensión 21 p. ;
Dimensiones 24 cm.
500 ## - NOTA GENERAL
Nota general Precede al tít.: Ministère des Affaires Etrangères.
710 1# - ENTRADA AGREGADA--NOMBRE DE ENTIDAD CORPORATIVA
Nombre de entidad corporativa o nombre de jurisdicción como elemento de entrada Francia.
Unidad subordinada Ministère des Affaires Étrangères.
9 (RLIN) 134397
852 ## - LOCALIZACIÓN
Ubicación ES-MaACL
Número de control de estantería T-1121-F-11
Holdings
Estatus retirado Estado de pérdida Estado de daño No para préstamo Colección Biblioteca de origen Biblioteca actual Ubicación en estantería Fecha de adquisición Fuente de adquisición Total de préstamos Signatura topográfica completa Código de barras Visto por última vez Precio de reemplazo Tipo de ítem Koha
        Colección de folletos Biblioteca del Ateneo de Madrid Biblioteca del Ateneo de Madrid Depósito folletos 17/01/2008     T-1121-F-11 1157685 23/02/2023 23/02/2023 Folleto